[Event "LSS CP-2009-P-00029"]
[Site "LSS email"]
[Date "2009.09.27"]
[Round "?"]
[White "Pott, Brian"]
[Black "Jensen, Lucy"]
[Result "1-0"]
[WhiteElo "1853"]
[BlackElo "1200"]
[PlyCount "25"]
[EventDate "2009.10.01"]
[EventType "tourn (corr)"]
[EventRounds "6"]
[EventCountry "GER"]
[SourceTitle "Corr 2013"]
[Source "ChessBase"]
[SourceDate "2012.11.12"]
[SourceVersion "1"]
[SourceVersionDate "2012.11.12"]
[SourceQuality "1"]
[WhiteTeam "US of America"]
[BlackTeam "US of America"]
[WhiteTeamCountry "USA"]
[BlackTeamCountry "USA"]

1. e4 e5 2. Nf3 Nc6 3. Bc4 b6 4. 0-0 Nf6 5. Ng5 Bc5 6. Nxf7 Qe7 7. Nxh8 Nd8 8. Nc3 Ne6 9. Nd5 Qd8 10. Nxf6+ Qxf6 11. Qh5+ g6 12. Qxh7 Ba6 13. Bxa6 1-0

[Event "LSS CP-2009-P-00029"]
[Site "LSS email"]
[Date "2009.09.27"]
[Round "?"]
[White "Zlotkowski, Arkadiusz"]
[Black "Jensen, Lucy"]
[Result "1-0"]
[WhiteElo "2359"]
[BlackElo "1200"]
[PlyCount "79"]
[EventDate "2009.10.01"]
[EventType "tourn (corr)"]
[EventRounds "6"]
[EventCountry "GER"]
[SourceTitle "Telechess CBM 141"]
[Source "ChessBase"]
[SourceDate "2011.03.17"]
[SourceVersion "1"]
[SourceVersionDate "2011.03.17"]
[SourceQuality "1"]

1. d4 Nf6 2. c4 e6 3. Nf3 b6 4. a3 Bb7 5. Nc3 d5 6. cxd5 Nxd5 7. Qc2 Be7 8. e4 Nxc3 9. bxc3 0-0 10. Bd3 c5 11. 0-0 Qc8 12. Qe2 Ba6 13. Rd1 Bxd3 14. Qxd3 Nd7 15. a4 Qb7 16. d5 exd5 17. exd5 Bd6 18. c4 Rfe8 19. Bb2 Nf8 20. a5 bxa5 21. Bc3 Ng6 22. g3 Qd7 23. Rxa5 Qg4 24. Kh1 Re4 25. Ra6 Rd8 26. Ng1 Rxc4 27. f3 Rxc3 28. Qxc3 Qh5 29. Qa5 Rd7 30. Kg2 Bf8 31. d6 Qe5 32. Qa2 Rxd6 33. Rdxd6 Bxd6 34. Rxa7 Qf5 35. Nh3 Bf8 36. Nf2 h6 37. Ra8 Kh7 38. Qe2 Kg8 39. h4 h5 40. f4 1-0

[Event "IECG CP.2008.P.00011 email"]
[Site "IECG email"]
[Date "2008.10.01"]
[Round "?"]
[White "Bertel, Michael"]
[Black "Jensen, Lucy"]
[Result "1-0"]
[WhiteElo "1819"]
[BlackElo "1200"]
[PlyCount "55"]
[EventDate "2008.10.01"]
[EventType "tourn (corr)"]
[EventRounds "6"]
[EventCountry "ARG"]
[SourceTitle "Corr 2024"]
[Source "ChessBase"]
[SourceDate "2023.10.19"]
[SourceVersion "1"]
[SourceVersionDate "2023.10.19"]
[SourceQuality "1"]

1. e4 e5 2. Nf3 Nc6 3. Nc3 Nf6 4. d4 exd4 5. Nxd4 Bb4 6. Nxc6 bxc6 7. Bd3 0-0 8. Qf3 d5 9. Bg5 Be7 10. 0-0 Be6 11. Rfe1 Nd7 12. Bxe7 Qxe7 13. exd5 cxd5 14. Nxd5 Qd6 15. Rad1 Ne5 16. Bxh7+ Kxh7 17. Qh5+ Kg8 18. Qxe5 Rfe8 19. Qxd6 cxd6 20. Nc7 Kf8 21. Nxa8 Rxa8 22. Rxd6 Bxa2 23. b3 Rc8 24. Rd5 f6 25. Rd2 Rc5 26. Ra1 Ra5 27. c4 Re5 28. Rdxa2 1-0